000 00428nam a2200181Ia 4500
001 9309
005 20260306161709.0
008 260306t2017||||xx |||||||||||||| ||spa||
041 _aESP
082 _a378.1
_bF22
100 _aFlores-Aráoz, Ántero
_eAUT
245 0 _a¿Hay autonomía universitaria?
260 _c2017
300 _a483 páginas :
_c24 cm.
650 _aGEN
654 _aCED
942 _cLIB
_dJUS
_fJUS
_2ddc
_n
999 _c9309
_d9309